000 00480nam a2200205Ia 4500
008 210210b1938 xxu||||| |||| 00| 0 eng d
041 _aeng
082 _a320/672
100 _a-
245 _aAims methods and activity of the league of nations
260 _aGeneva
_bLeague of Nations
_c1938
300 _a221
650 _anations
650 _amethods
650 _aleague
650 _aAims
650 _aactivity
690 _aPolitical Science
906 _a003303
999 _c120937
_d120937